000 00969cam a22002414a 4500
999 _c16958
_d16958
008 090330s2010 nyua 000 0 eng
020 _a9780078140006 (pbk. : alk. paper)
020 _a0078140005 (pbk. : alk. paper)
050 0 0 _aGN60 .P35 2010
100 1 _aPark, Michael Alan.
245 1 0 _aBiological anthropology /
_cMichael Alan Park.
250 _a6th ed.
260 _aNew York :
_bMcGraw-Hill,
_cc2010.
300 _axxii, 451p. :
_bcol. ill. ;
_c24 cm.
650 0 _aPhysical anthropology.
942 _2lcc
_cBOOKS
_hGN60 .P35 2010